| 000 | 00000nam##2200000za#4500 |
| 001 | 9.624482 |
| 003 | CaOODSP |
| 005 | 20200327180742 |
| 007 | ta |
| 008 | 150406|1997||||xxc||||| f|0| 0 fre|d |
| 020 | |a0-662-82270-6 |
| 022 | |a1188-7990 |
| 040 | |aCaOODSP|bfre |
| 043 | |an-cn--- |
| 086 | 1 |aEn1-17/26-1997F |
| 110 | 1 |aCanada. |bEnvironnement Canada. |bService de la protection de l'environnement. |
| 245 | 10|aDéchets dangereux. Décontamination des cendres volantes d'incinérateurs de déchets municipaux |
| 260 | |aMontréal - Québec : |bEnvironnement Canada. |c1997. |
| 300 | |a4p. : |bfigures, tableaux ; |c28 cm. |
| 490 | 1 |aTechnologies Saint-Laurent |x1188-7990 |
| 563 | |aDépliant |
| 590 | |a98-28|b1998-07-10 |
| 720 | 1 |aRochon, René |
| 775 | 08|tHazardous wastes. Decontamination of municipal waste combustion fly ash |w(CaOODSP)9.613994 |
| 776 | 0#|tDéchets dangereux. Décontamination des cendres volantes d'incinérateurs de déchets municipaux |w(CaOODSP)9.601873 |
| 830 | #0|aTechnologies Saint-Laurent,|x1188-7990|w(CaOODSP)9.512939 |